Процессы и операции формообразования: учебник для вузов

Λεπτομέρειες βιβλιογραφικής εγγραφής
Άλλοι συγγραφείς: Гречишников В. А. Владимир Андреевич (редактор), Схиртладзе А. Г. Александр Георгиевич, Чемборисов Н. А. Наиль Анварович, Ларионов Д. Н. Дмитрий Николаевич
Περίληψη:Авт. указ. на обороте тит. л.
На тит. л. инициалы редактора Н. М. Чемборисов.
Учебник создан в соответствии с Федеральным государственным образовательным стандартом по направлению подготовки «Конструкторско-технологическое обеспечение машиностроительных производств» (квалификация «бакалавр»). Изложены физические основы резания материалов. Рассмотрены современные инструментальные материалы, смазочно-охлаждающие технологические средства. Приведены конструкции наиболее распространенных инструментов общего назначения. Даны теоретические основы формирования систем автоматизированного проектирования режущего инструмента. Для студентов учреждений высшего профессионального образования.
Γλώσσα:Ρωσικά
Έκδοση: Москва, Академия, 2012
Σειρά:Высшее профессиональное образование. Бакалавриат
Машиностроение
Θέματα:
Μορφή: MixedMaterials Βιβλίο
KOHA link:https://koha.lib.tpu.ru/cgi-bin/koha/opac-detail.pl?biblionumber=219586

MARC

LEADER 00000nam0a2200000 4500
001 219586
005 20231101230253.0
010 |a 9785769557286 
035 |a (RuTPU)RU\TPU\book\239672 
090 |a 219586 
100 |a 20120710d2012 m y0rusy50 ca 
101 0 |a rus 
102 |a RU 
105 |a a j 001zy 
200 1 |a Процессы и операции формообразования  |e учебник для вузов  |f В. А. Гречишников [и др.]  |g под ред. Н. А. Чемборисова 
210 |a Москва  |c Академия  |d 2012 
215 |a 319 с.  |c ил. 
225 1 |a Высшее профессиональное образование. Бакалавриат 
225 1 |a Машиностроение 
300 |a Авт. указ. на обороте тит. л. 
300 |a На тит. л. инициалы редактора Н. М. Чемборисов. 
320 |a Библиогр.: с. 314-316. 
330 |a Учебник создан в соответствии с Федеральным государственным образовательным стандартом по направлению подготовки «Конструкторско-технологическое обеспечение машиностроительных производств» (квалификация «бакалавр»). Изложены физические основы резания материалов. Рассмотрены современные инструментальные материалы, смазочно-охлаждающие технологические средства. Приведены конструкции наиболее распространенных инструментов общего назначения. Даны теоретические основы формирования систем автоматизированного проектирования режущего инструмента. Для студентов учреждений высшего профессионального образования. 
606 1 |a Формообразование  |2 stltpush  |3 (RuTPU)RU\TPU\subj\71771  |9 85539 
610 1 |a машиностроение 
610 1 |a процессы 
610 1 |a материалы 
610 1 |a обработка 
610 1 |a точение 
610 1 |a строгание 
610 1 |a сверление 
610 1 |a зенкерование 
610 1 |a развертывание 
610 1 |a фрезерование 
610 1 |a резьбонарезание 
610 1 |a зубонарезание 
610 1 |a протягивание 
610 1 |a шлифование 
610 1 |a лезвийные инструменты 
610 1 |a проектирование 
610 1 |a учебники 
675 |a 621.91.04(075.8)  |v 3 
701 1 |a Гречишников  |b В. А.  |g Владимир Андреевич 
701 1 |a Схиртладзе  |b А. Г.  |g Александр Георгиевич 
701 1 |a Чемборисов  |b Н. А.  |g Наиль Анварович 
701 1 |a Ларионов  |b Д. Н.  |g Дмитрий Николаевич 
702 1 |a Чемборисов  |b Н. А.  |g Наиль Анварович  |4 340 
801 1 |a RU  |b 63413507  |c 20120710 
801 2 |a RU  |b 63413507  |c 20150618  |g RCR 
900 |a Технология машиностроения 
900 |a Технология машиностроительного производства 
900 |a Технологические процессы машиностроительного производства 
900 |a Процессы формообразования и инструмент 
942 |c BK 
955 |b 151900  |l 8.1 
959 |a 104/20120710  |d 5  |e 595,10  |f ЧЗТЛ:1  |f АНЛ:1  |f УФ:3